Petit Bac : Star Wars Episode I - Statistiques

Statistiques générales
  • Ce quiz a été pris 893 fois
  • Le résultat moyen est 10 sur 24
Statistiques - réponses
Lettre Indice Réponse % Correct
A Surnom d'Anakin Ani
95%
C Planète où est situé le Sénat Galactique Coruscant
79%
L Réalisateur du film George Lucas
76%
Q Maître d'Obi-Wan Kenobi Qui-Gon Jinn
73%
U Nombre de lames du sabre laser d'Obi-Wan Kenobi Une
70%
R Droïde astromécano ayant sauvé la Nef Royale Naboo R2-D2
66%
F Organisation souhaitant établir un monopole commercial Fédération du Commerce
61%
S Prénom de la mère d'Anakin Skywalker Shmi
61%
M Forme de vie microscopique présente chez les utilisateurs de la Force Midi-chlorien
52%
V Titre de Nute Gunray Vice-Roi
42%
J Donne le départ de la course de Boonta Eve Jabba le Hutt
40%
W Commerçant Toydarien Watto
37%
Y Membre du Conseil Jedi, de la même race que Yoda Yaddle
36%
E Ville où atterrie la Nef Royale Naboo sur Tatooine : Mos... Mos Espa
33%
H Pièce de vaisseau dont a besoin la Nef Royale Naboo pour décoller Hyperdrive
29%
P Module de course Podracer
27%
I Prénom de l'interprète de Palpatine Ian (McDiarmid)
22%
T Ville où est situé le Palais Royal de Naboo Theed
18%
D Monnaie républicaine Datarie
17%
K Interprète de Sabé, servante et doublure de la Reine Amidala Keira Knightley
13%
B Sous-marin Gungan Bongo
11%
N Nom civil de Padmé Naberrie
7%
O Cité sous-marine des Gungans Otoh Gunga
5%
G Pilote de module à 6 bras Gasgano
2%
Aucun quiz correspondant
Distribution des résultats
% des personnes avec chaque résultat
Percentile par nombre de réponses
Votre historique - résultats
Vous n’avez pas pris ce quiz